Má vlast - Statistics

General Stats
  • This quiz has been taken 242 times
  • The average score is 3 of 6
Answer Stats
Hint Answer % Correct
2 Vltava
97%
3 Šárka
60%
1 Vyšehrad
58%
6 Blaník
51%
4 Z českých luhů a hájů
42%
5 Tábor
36%
No matching quizzes found
Score Distribution
Percent of People with Each Score
Percentile by Number Answered
Your Score History
You have not taken this quiz